000 01096cam a22003257a 4500
003 CHAP
005 20220329141229.0
008 971010s1987 r 00010 d
010 _a64796
011 _a65768
035 _a73096
040 _cCHAP
082 _a634.96702
_bD5
100 0 0 _aDirr, Michael A.
_932703
245 1 4 _aThe reference manual of woody plant propagation from seed to tissue culture
260 _aAthens, Georgia :
_bVarsity,
_c1987
300 _a239 p.
_b: ilus
590 _aBATCH-UPD
_b10
_c20130110
_lUCH01
_h1602
590 _aBATCH-UPD
_b10
_c20130410
_lUCH01
_h0959
590 _aBATCH-UPD
_b10
_c20130914
_lUCH01
_h1115
590 _aCONVERSION
_b10
_c20130109
_lUCH01
_h1335
650 1 4 _aCultivo de tejidos.
_930213
650 1 4 _aPlantas leñosas
_xPropagación.
_989027
650 1 4 _aPropagación de plantas.
_992417
700 0 _aHeuser, Charles W., Jr.
_955085
901 _aBK
942 _cLIBRO
949 _a634.96702 D5
_bBC
_cC
_d33724000650834
_eC
_gI.174489
_h89031
_i73096
_si
_t122.60
949 _a634.96702 D5
_bDCF
_cCBD
_d-5862
_eC
_gI.150724
_h3793
_i73096
_si
999 _c64796
_d64796